| 000 | 01317nam0a2200349 4500 | ||
|---|---|---|---|
| 001 | RU\NLR\BIBL_A\010781045 | ||
| 005 | 201507010506 | ||
| 010 |
_a978-5-9268-1798-7 _97000 |
||
| 021 |
_aRU _b2015-35181 _92078 |
||
| 035 | _a(NLR Aleph) 010781045 | ||
| 035 | _a(NILC)RuMoRGB-007927418 | ||
| 090 |
_a10068343 _c10068343 |
||
| 100 | _a20150615d2015 um y0rusy50 ca | ||
| 101 | 1 |
_arus _cger |
|
| 102 | _aRU | ||
| 105 | _aa|||z|||000ay | ||
| 200 | 1 |
_aТри счастливца _e[сказка] _fБратья Гримм _g[пересказ с нем. Г. Еременко] _gхудож.: И. Казакова |
|
| 210 |
_aСанкт-Петербург _aМосква _cРечь _d2015 |
||
| 215 |
_a[15] с. _cцв. ил. _d26 |
||
| 225 | 1 | _aСерия: Любимая мамина книжка | |
| 333 | _a0+ | ||
| 686 | 0 | _aШ9(4Г)60-4 | |
| 700 | 1 |
_aГримм _bЯ. _f1785-1863 _gЯкоб _3RU\NLR\AUTH\772021 |
|
| 701 | 1 |
_aГримм _bВ. К. _f1786-1859 _gВильгельм Карл _3RU\NLR\AUTH\772018 |
|
| 702 | 1 |
_aКазакова _bИ. И. _gИнна Ивановна _4040 |
|
| 801 | 0 |
_aRU _bРГБ _c20150507 _gRCR |
|
| 942 | _cBOOK | ||
| 980 | _aNBR | ||
| 980 | _aNB | ||